One Minute Sprint - All Sport Teams - Statistics

General Stats
  • This quiz has been taken 53 times
    41 since last reset
  • The average score is 34 of 124
Answer Stats
Hint Answer % Correct
MLB Cincinnati Reds
83%
NFL Arizona Cardinals
75%
NFL New York Giants
75%
NFL New York Jets
75%
MLB San Francisco Giants
75%
MLB St. Louis Cardinals
75%
NHL Winnipeg Jets
75%
MLB Boston Red Sox
67%
NFL Carolina Panthers
54%
NHL Florida Panthers
54%
NHL Los Angeles Kings
54%
NBA Los Angeles Lakers
54%
NBA Sacramento Kings
54%
NBA Brooklyn Nets
50%
NBA Cleveland Cavaliers
50%
NBA Boston Celtics
46%
NBA Chicago Bulls
46%
MLB Chicago Cubs
46%
NBA Dallas Mavericks
46%
MLB New York Yankees
46%
MLB Chicago White Sox
42%
NBA Los Angeles Clippers
42%
NBA Philadelphia 76ers
42%
NFL Philadelphia Eagles
42%
NBA Atlanta Hawks
38%
MLB Baltimore Orioles
38%
NFL Detroit Lions
38%
NBA Golden State Warriors
38%
NBA Houston Rockets
38%
NFL Atlanta Falcons
33%
MLB Detroit Tigers
33%
NBA Indiana Pacers
33%
NFL Miami Dolphins
33%
NFL New England Patriots
33%
NBA New York Knicks
33%
NHL New York Rangers
33%
MLB Oakland Athletics
33%
NBA Orlando Magic
33%
MLB Texas Rangers
33%
NBA Toronto Raptors
33%
NHL Boston Bruins
29%
NFL Dallas Cowboys
29%
NFL Green Bay Packers
29%
MLB Houston Astros
29%
NBA Memphis Grizzlies
29%
NBA Miami Heat
29%
NBA Milwaukee Bucks
29%
NFL Minnesota Vikings
29%
MLB New York Mets
29%
NBA San Antonio Spurs
29%
NBA Utah Jazz
29%
MLB Atlanta Braves
25%
NFL Buffalo Bills
25%
NBA Denver Nuggets
25%
NFL Los Angeles Rams
25%
NBA Minnesota Timberwolves
25%
NHL Minnesota Wild
25%
MLB Washington Nationals
25%
MLB Arizona Diamondbacks
21%
NFL Baltimore Ravens
21%
NHL Buffalo Sabres
21%
NBA Charlotte Hornets
21%
NFL Chicago Bears
21%
NFL Cleveland Browns
21%
MLB Cleveland Guardians
21%
NFL Denver Broncos
21%
NBA Detroit Pistons
21%
NHL Edmonton Oilers
21%
NFL Houston Texans
21%
NFL Kansas City Chiefs
21%
NFL Las Vegas Raiders
21%
MLB Los Angeles Dodgers
21%
MLB Miami Marlins
21%
NHL New Jersey Devils
21%
MLB Pittsburgh Pirates
21%
NFL San Francisco 49ers
21%
NHL St. Louis Blues
21%
MLB Tampa Bay Rays
21%
NFL Tennessee Titans
21%
NHL Anaheim Ducks
17%
NHL Calgary Flames
17%
NFL Cincinnati Bengals
17%
NHL Colorado Avalanche
17%
NHL Detroit Red Wings
17%
NFL Jacksonville Jaguars
17%
MLB Los Angeles Angels
17%
NHL Montreal Canadiens
17%
NBA New Orleans Pelicans
17%
NFL New Orleans Saints
17%
MLB Philadelphia Phillies
17%
NBA Phoenix Suns
17%
NFL Pittsburgh Steelers
17%
MLB Seattle Mariners
17%
NFL Tampa Bay Buccaneers
17%
MLB Toronto Blue Jays
17%
NBA Washington Wizards
17%
MLB Colorado Rockies
13%
NHL Columbus Blue Jackets
13%
NFL Indianapolis Colts
13%
MLB Milwaukee Brewers
13%
MLB Minnesota Twins
13%
NHL New York Islanders
13%
NBA Oklahoma City Thunder
13%
NHL Pittsburgh Penguins
13%
NBA Portland Trailblazers
13%
MLB San Diego Padres
13%
NFL Seattle Seahawks
13%
NHL Toronto Maple Leafs
13%
NHL Vancouver Canucks
13%
NHL Vegas Golden Knights
13%
NHL Carolina Hurricanes
8%
NHL Chicago Blackhakws
8%
MLB Kansas City Royals
8%
NFL Los Angeles Chargers
8%
NHL Nashville Predators
8%
NHL Philadelphia Flyers
8%
NHL San Jose Sharks
8%
NHL Seattle Kraken
8%
NHL Tampa Bay Lightning
8%
NHL Washington Captials
8%
NHL Arizona Coyotes
4%
NHL Dallas Stars
4%
NHL Ottawa Senators
4%
NFL Washington Football Team
4%
No matching quizzes found
Score Distribution
Percent of People with Each Score
Percentile by Number Answered
Your Score History
You have not taken this quiz since the last reset